000 00969nam a2200253 a 4500
001 000025054
005 20200930023532.0
008 110209s1987 ag r 000 0 spa d
020 _a9509432733
040 _aDO-SdBNP
_bspa
_cBNPHU
041 1 7 _aspa
_heng
_2Código de idiomas MARC
082 _ann*
_bnn*
100 1 _aEich, Hermann.
_951395
240 1 4 _aThe political theory of "the federalist".
_lEspañol
245 1 3 _aLa teoría politíca de "el federalista" /
_cDavid F. Epstein ; traducción de Juan Carlos Gorlier.
260 _aBuenos Aires :
_bGrupo Editor Latinoamericano,
_c1987.
300 _a270 p. ;
_c23 cm.
490 1 _aEstudios Políticos y Sociales
534 _aTítulo del original en inglés :
_tThe political theory of "the federalist"
500 _aIncluye referencias bibliográficas y notas al pie de las páginas.
700 1 _aGorlier, Juan Carlos,
_etr.
_951405
830 0 _aEstudios Políticos y Sociales
_928833
049 _aBNGR
999 _c24547
_d24547